00325nam a2200121Ia 4500008004100000041000800041082001200049100001700061245004500078260003900123300002900162365001200191240624s9999 xx 000 0 und d aeng a658 MAR aMARQUES JOAN aBUSINESS ADMINISTRATION EDUCATION CHANGE c2012aNew YorkbPalgrave Macmillan ax, : 246 : p. : cm. ; 22 cGBPb50